Dewey Decimal Classification

Gardado en:
Detalles Bibliográficos
Autor Principal: Khan, M. T. M.
Formato: Libro
Idioma:Undetermined
Publicado: Darya Ganj, New Delhi Shree 2005
Những chủ đề:
Các nhãn: Engadir etiqueta
Sen Etiquetas, Sexa o primeiro en etiquetar este rexistro!
Thư viện lưu trữ: Trung tâm Học liệu Trường Đại học Cần Thơ
LEADER 00521nam a2200193Ia 4500
001 CTU_124789
008 210402s9999 xx 000 0 und d
020 |c 49.00 
082 |a 025.431 
082 |b K45 
100 |a Khan, M. T. M. 
245 0 |a Dewey Decimal Classification 
245 0 |c M. T. M. Khan 
260 |a Darya Ganj, New Delhi 
260 |b Shree 
260 |c 2005 
650 |a Library science,Classification, Dewey decimal 
904 |i Minh 
980 |a Trung tâm Học liệu Trường Đại học Cần Thơ